[Event "COL-ch (Women)"]
[Site "Quibdo"]
[Date "2015.11.12"]
[Round "5"]
[White "Ortiz, Nadya Karolina"]
[Black "Franco Valencia, Beatriz Irene"]
[Result "1-0"]
[WhiteElo "2156"]
[BlackElo "2172"]
[PlyCount "45"]
[EventDate "2015.11.10"]
[EventType "swiss"]
[EventRounds "9"]
[EventCountry "COL"]
[SourceTitle "CBM 169 Extra"]
[Source "ChessBase"]
[SourceDate "2015.12.18"]
[SourceVersion "1"]
[SourceVersionDate "2015.12.18"]
[SourceQuality "1"]

1. d4 g6 2. Bg5 Bg7 3. e4 c5 4. Nf3 Qb6 5. Nc3 cxd4 6. Nd5 Qd6 7. Nxd4 Qe5 8. Be3 f5 9. f4 Qxe4 10. Nc7+ Kf7 11. Qd3 Nc6 12. Qxe4 fxe4 13. Nxc6 dxc6 14. Nxa8 Bxb2 15. Bc4+ e6 16. Rd1 Bc3+ 17. Kf2 b5 18. Bb3 Nf6 19. Bxa7 Ba5 20. Bb6 Bb4 21. Nc7 Bd7 22. Na6 Ba3 23. Bc5 1-0

[Event "COL-ch rapid (Women)"]
[Site "Quibdo"]
[Date "2015.11.09"]
[Round "4"]
[White "Franco Valencia, Angela Maria"]
[Black "Ortiz, Nadya Karolina"]
[Result "1-0"]
[WhiteElo "2212"]
[BlackElo "2229"]
[PlyCount "144"]
[EventDate "2015.11.09"]
[EventType "swiss (rapid)"]
[EventRounds "9"]
[EventCountry "COL"]
[SourceTitle "CBM 169 Extra"]
[Source "ChessBase"]
[SourceDate "2015.12.18"]
[SourceVersion "1"]
[SourceVersionDate "2015.12.18"]
[SourceQuality "1"]

1. e4 c5 2. Nf3 e6 3. d4 cxd4 4. Nxd4 a6 5. g3 b5 6. Bg2 Bb7 7. 0-0 Nf6 8. Re1 Be7 9. e5 Nd5 10. Qg4 Kf8 11. a4 b4 12. c4 bxc3 13. Nxc3 h5 14. Qh3 Nc6 15. Nxd5 exd5 16. Nf5 Nb4 17. Nxe7 Qxe7 18. Re2 Rc8 19. Qf5 Qe6 20. Qxe6 dxe6 21. Bd2 Nc6 22. Ree1 h4 23. h3 hxg3 24. fxg3 Rh5 25. Bf4 Rf5 26. h4 Rh5 27. Rac1 Ke7 28. Bf3 Rhh8 29. Bg2 Nb4 30. Bf1 Kd7 31. Kf2 Nc2 32. Red1 Rc7 33. Bd3 Rhc8 34. Bxc2 Rxc2+ 35. Rxc2 Rxc2+ 36. Rd2 Rc4 37. b3 Rc3 38. b4 Ra3 39. a5 Rb3 40. Rd4 Bc6 41. g4 Bb5 42. h5 Bc4 43. g5 Rh3 44. h6 gxh6 45. gxh6 Rh5 46. Kg3 Ke8 47. Bd2 Kf8 48. Rh4 Rxh4 49. Kxh4 Kg8 50. Kg5 Bb5 51. Kf6 Be8 52. Ke7 Bb5 53. Be3 Bc4 54. Bd4 Bb5 55. h7+ Kxh7 56. Kxf7 Bc4 57. Kxe6 Kg6 58. Kd7 Kf5 59. e6 Ke4 60. Bg7 d4 61. e7 d3 62. Bh6 Kd4 63. Kd8 Bb5 64. e8Q Bxe8 65. Kxe8 Kc3 66. b5 axb5 67. a6 d2 68. Bxd2+ Kxd2 69. a7 b4 70. a8Q b3 71. Qd5+ Kc2 72. Qc4+ Kd1 1-0

[Event "COL-ch rapid (Women)"]
[Site "Quibdo"]
[Date "2015.11.09"]
[Round "9"]
[White "Ortiz, Nadya Karolina"]
[Black "Hernandez Fonseca, Maria Paula"]
[Result "1-0"]
[WhiteElo "2229"]
[BlackElo "1999"]
[PlyCount "49"]
[EventDate "2015.11.09"]
[EventType "swiss (rapid)"]
[EventRounds "9"]
[EventCountry "COL"]
[SourceTitle "CBM 169 Extra"]
[Source "ChessBase"]
[SourceDate "2015.12.18"]
[SourceVersion "1"]
[SourceVersionDate "2015.12.18"]
[SourceQuality "1"]

1. d4 e6 2. Bf4 b6 3. Nf3 Bb7 4. e3 f5 5. c4 Nf6 6. h3 Ne4 7. Nbd2 Be7 8. Bd3 Nxd2 9. Qxd2 d6 10. 0-0-0 Nd7 11. Qe2 Nf6 12. Nd2 Bxg2 13. Rhg1 Bxh3 14. f3 Nh5 15. Qh2 g5 16. Qxh3 Nxf4 17. exf4 gxf4 18. d5 Qd7 19. Qh5+ Kd8 20. Rg7 Qa4 21. Qf7 Re8 22. Rdg1 Kd7 23. Qxe6+ Kd8 24. Bxf5 b5 25. Qd7# 1-0

[Event "COL-ch blitz (Women)"]
[Site "Quibdo"]
[Date "2015.11.08"]
[Round "7"]
[White "Dominguez, Laura Lucia"]
[Black "Ortiz, Nadya Karolina"]
[Result "0-1"]
[WhiteElo "2064"]
[BlackElo "2246"]
[PlyCount "78"]
[EventDate "2015.11.08"]
[EventType "swiss (blitz)"]
[EventRounds "18"]
[EventCountry "COL"]
[SourceTitle "CBM 169 Extra"]
[Source "ChessBase"]
[SourceDate "2015.12.18"]
[SourceVersion "1"]
[SourceVersionDate "2015.12.18"]
[SourceQuality "1"]

1. c4 Nf6 2. Nc3 g6 3. g3 Bg7 4. Bg2 0-0 5. d3 d6 6. e3 e5 7. Nge2 Nc6 8. 0-0 Ne8 9. f4 f5 10. Rb1 a5 11. a3 Nf6 12. b4 axb4 13. axb4 Kh8 14. h3 Nh5 15. Kh2 g5 16. Bd2 exf4 17. exf4 h6 18. Nd5 Ra2 19. Nec3 Rxd2 20. Qxd2 Nd4 21. Ne2 Ne6 22. Rbe1 c6 23. Ndc3 Qf6 24. fxg5 hxg5 25. Ne4 Qe7 26. N4c3 Qf6 27. Ne4 Qd8 28. Nf2 Qe8 29. d4 Qg6 30. d5 Nd8 31. Nd3 Nf7 32. dxc6 bxc6 33. Bxc6 Ne5 34. Bd5 f4 35. g4 Nxd3 36. gxh5 Qh7 37. Rd1 Bf5 38. Rg1 Qxh5 39. Rdf1 Qxh3# 0-1

[Event "COL-ch blitz (Women)"]
[Site "Quibdo"]
[Date "2015.11.08"]
[Round "10"]
[White "Ortiz, Nadya Karolina"]
[Black "Santos Morales, Natalia Andrea"]
[Result "1-0"]
[WhiteElo "2246"]
[BlackElo "2024"]
[PlyCount "59"]
[EventDate "2015.11.08"]
[EventType "swiss (blitz)"]
[EventRounds "18"]
[EventCountry "COL"]
[SourceTitle "CBM 169 Extra"]
[Source "ChessBase"]
[SourceDate "2015.12.18"]
[SourceVersion "1"]
[SourceVersionDate "2015.12.18"]
[SourceQuality "1"]

1. d4 Nf6 2. Bg5 g6 3. Bxf6 exf6 4. e4 f5 5. Nc3 Bg7 6. Qd2 0-0 7. 0-0-0 Re8 8. h4 d6 9. f3 h5 10. Be2 Nc6 11. d5 Nd4 12. Bd3 c5 13. Nge2 a6 14. Ng3 fxe4 15. Ngxe4 b5 16. Ne2 Nf5 17. g4 Nxh4 18. gxh5 c4 19. h6 Bf6 20. h7+ Kh8 21. Nxf6 Qxf6 22. Be4 Nxf3 23. Bxf3 Qxf3 24. Qd4+ Re5 25. Nc3 Bf5 26. Kb1 b4 27. Na4 c3 28. b3 a5 29. Nb6 Rae8 30. Nc4 1-0

[Event "COL-ch blitz (Women)"]
[Site "Quibdo"]
[Date "2015.11.08"]
[Round "4"]
[White "Ortiz, Nadya Karolina"]
[Black "Velez Alvarez, Laura Camila"]
[Result "1-0"]
[WhiteElo "2246"]
[BlackElo "1806"]
[PlyCount "62"]
[EventDate "2015.11.08"]
[EventType "swiss (blitz)"]
[EventRounds "18"]
[EventCountry "COL"]
[SourceTitle "CBM 169 Extra"]
[Source "ChessBase"]
[SourceDate "2015.12.18"]
[SourceVersion "1"]
[SourceVersionDate "2015.12.18"]
[SourceQuality "1"]

1. d4 Nf6 2. Bg5 g6 3. Bxf6 exf6 4. e4 Bg7 5. Nc3 0-0 6. Qd2 Re8 7. 0-0-0 c6 8. h4 d5 9. f3 dxe4 10. fxe4 Bg4 11. Be2 Qd7 12. h5 Na6 13. hxg6 fxg6 14. Rh4 Bxe2 15. Ngxe2 Rad8 16. Rdh1 h6 17. Qf4 g5 18. Qf2 gxh4 19. Qxh4 Nc7 20. Qh5 Qf7 21. Qf3 Ne6 22. Qf2 Ng5 23. Ng3 Qe6 24. Kb1 b5 25. d5 Qd7 26. Nf5 b4 27. dxc6 Qxc6 28. Nxg7 Kxg7 29. Nd5 Rc8 30. Qxa7+ Kg6 31. Nxb4 Qxe4 1-0

[Event "Las Vegas National op"]
[Site "Las Vegas"]
[Date "2012.06.15"]
[Round "1"]
[White "Shankland, Samuel L"]
[Black "Ortiz, Nadya Karolina"]
[Result "1/2-1/2"]
[WhiteElo "2581"]
[BlackElo "2250"]
[PlyCount "118"]
[EventDate "2012.06.15"]
[EventType "swiss"]
[EventRounds "9"]
[EventCountry "USA"]
[SourceTitle "CBM 148 Extra"]
[Source "ChessBase"]
[SourceDate "2012.06.22"]
[SourceVersion "1"]
[SourceVersionDate "2012.06.22"]
[SourceQuality "1"]

1. d4 g6 2. Nf3 Bg7 3. c4 d6 4. Nc3 e5 5. Bg5 f6 6. Bh4 g5 7. Bg3 f5 8. h3 f4 9. Bh2 exd4 10. Nxd4 Nc6 11. Nxc6 bxc6 12. e3 fxe3 13. Qh5+ Kf8 14. fxe3 Qe8 15. Qf3+ Nf6 16. Bd3 Kg8 17. 0-0 g4 18. hxg4 Bxg4 19. Qf2 Bh5 20. Bf4 Bg6 21. Rad1 Bxd3 22. Rxd3 Qg6 23. Rdd1 Re8 24. Qf3 Ne4 25. Nxe4 Qxe4 26. b3 Qxf3 27. Rxf3 c5 28. Rd5 h6 29. Rh5 Kh7 30. Rfh3 Re6 31. Kf2 a5 32. g4 a4 33. Bxh6 Rxh6 34. Rxh6+ Bxh6 35. g5 Kg6 36. gxh6 axb3 37. axb3 Rxh6 38. Rg3+ Kf5 39. Ke2 Rh2+ 40. Kd3 Rb2 41. Kc3 Re2 42. Rg7 Rxe3+ 43. Kb2 Re2+ 44. Ka3 Ke4 45. Rxc7 Kd4 46. Rd7 Re6 47. Ka4 Kc3 48. Rh7 Re3 49. Rb7 Rd3 50. Rb6 Rd1 51. Ka5 Ra1+ 52. Kb5 Rd1 53. Kc6 Rd3 54. Kc7 d5 55. cxd5 Rxd5 56. Kc6 Rh5 57. Rb5 Rh6+ 58. Kd5 Rh5+ 59. Ke4 Rh4+ 1/2-1/2

[Event "Olympiad Women-39"]
[Site "Khanty-Mansiysk"]
[Date "2010.10.01"]
[Round "10.10"]
[White "Ortiz, Nadya Karolina"]
[Black "Hoang, Thi Bao Tram"]
[Result "1/2-1/2"]
[WhiteElo "2212"]
[BlackElo "2285"]
[PlyCount "134"]
[EventDate "2010.09.21"]
[EventType "team-swiss"]
[EventRounds "11"]
[EventCountry "RUS"]
[SourceTitle "CBM 139"]
[Source "ChessBase"]
[SourceDate "2010.11.18"]
[SourceVersion "1"]
[SourceVersionDate "2010.11.18"]
[SourceQuality "1"]
[WhiteTeam "Columbia (W)"]
[BlackTeam "Vietnam (W)"]
[WhiteTeamCountry "COL"]
[BlackTeamCountry "VIE"]

1. e4 c6 2. d4 d5 3. Nd2 dxe4 4. Nxe4 Nf6 5. Nc5 Nbd7 6. Nb3 e6 7. Bf4 Be7 8. Nf3 0-0 9. Bd3 c5 10. 0-0 cxd4 11. Nbxd4 Nc5 12. Be2 Qb6 13. c4 Bd7 14. Qc2 Rac8 15. Ne5 Ba4 16. b3 Rfd8 17. Be3 Be8 18. Rfd1 Qc7 19. f4 Bd6 20. Ndf3 Na6 21. Qb2 Bc5 22. Bd4 Qb6 23. Kf1 Ne4 24. Bxc5 Naxc5 25. Nd3 Bc6 26. Nxc5 Qxc5 27. Rd4 Rxd4 28. Qxd4 Qxd4 29. Nxd4 Rd8 30. Nxc6 bxc6 31. Rd1 Rxd1+ 32. Bxd1 c5 33. Bc2 Nf6 34. a3 a5 35. Ke2 Kf8 36. Kd2 Ke7 37. Kc3 Kd6 38. b4 axb4+ 39. axb4 h6 40. b5 Nd7 41. Kd2 Nb6 42. Bd3 f5 43. Ke3 Ke7 44. Kf3 Kf6 45. g4 g6 46. h4 h5 47. gxh5 gxh5 48. Ke3 Kg6 49. Be2 Kh6 50. Kd3 Kg6 51. Bf3 Nc8 52. Bc6 Kf7 53. Kc3 Nb6 54. Kb3 Nc8 55. Bf3 Kg6 56. Bd1 Nb6 57. Be2 Kh6 58. Bf1 Kg7 59. Bg2 Kf6 60. Bf3 Kg6 61. Kc3 Nc8 62. Kb2 Nb6 63. Kb3 Nc8 64. Be2 Nb6 65. Bd1 Kh6 66. Be2 Kg6 67. Bf3 Nc8 1/2-1/2

[Event "Olympiad Women-39"]
[Site "Khanty-Mansiysk"]
[Date "2010.09.29"]
[Round "8.16"]
[White "Heinatz, Gundula"]
[Black "Ortiz, Nadya Karolina"]
[Result "1/2-1/2"]
[WhiteElo "2228"]
[BlackElo "2212"]
[PlyCount "93"]
[EventDate "2010.09.21"]
[EventType "team-swiss"]
[EventRounds "11"]
[EventCountry "RUS"]
[SourceTitle "CBM 139"]
[Source "ChessBase"]
[SourceDate "2010.11.18"]
[SourceVersion "1"]
[SourceVersionDate "2010.11.18"]
[SourceQuality "1"]
[WhiteTeam "Switzerland (W)"]
[BlackTeam "Columbia (W)"]
[WhiteTeamCountry "SUI"]
[BlackTeamCountry "COL"]

1. d4 Nf6 2. Nf3 g6 3. g3 Bg7 4. Bg2 0-0 5. 0-0 d6 6. c4 c6 7. Nc3 Qa5 8. e4 Qh5 9. e5 dxe5 10. Nxe5 Ng4 11. Nf3 Nh6 12. Ne2 Qa5 13. Bd2 Qa6 14. b3 Rd8 15. a4 Nf5 16. Bc3 e5 17. d5 cxd5 18. cxd5 Nd7 19. Ra2 Qd6 20. Nd2 Nb6 21. Ne4 Qf8 22. d6 a5 23. Rd2 Be6 24. Bb2 Nd7 25. Ba3 Rac8 26. Qb1 Nd4 27. Nxd4 exd4 28. Bb2 Bxb3 29. Bxd4 Bxa4 30. Qxb7 Bc6 31. Qb2 Bxd4 32. Qxd4 Qg7 33. Qxg7+ Kxg7 34. Ra1 a4 35. Rd4 h6 36. g4 Ne5 37. h3 Nd7 38. Kh2 Kg8 39. h4 Kg7 40. g5 Nb6 41. Nf6 Bxg2 42. Kxg2 Rc5 43. Ne4 Rc4 44. Rxc4 Nxc4 45. Rxa4 Nxd6 46. Rd4 Nb7 47. Kg3 1/2-1/2

[Event "Olympiad Women-39"]
[Site "Khanty-Mansiysk"]
[Date "2010.09.22"]
[Round "2.28"]
[White "Petrenko, Svetlana"]
[Black "Ortiz, Nadya Karolina"]
[Result "0-1"]
[WhiteElo "2263"]
[BlackElo "2212"]
[PlyCount "154"]
[EventDate "2010.09.21"]
[EventType "team-swiss"]
[EventRounds "11"]
[EventCountry "RUS"]
[SourceTitle "CBM 139"]
[Source "ChessBase"]
[SourceDate "2010.11.18"]
[SourceVersion "1"]
[SourceVersionDate "2010.11.18"]
[SourceQuality "1"]
[WhiteTeam "Moldova (W)"]
[BlackTeam "Columbia (W)"]
[WhiteTeamCountry "MDA"]
[BlackTeamCountry "COL"]

1. e4 c5 2. Nf3 e6 3. d4 cxd4 4. Nxd4 a6 5. Nc3 b5 6. Bd3 Qb6 7. Nb3 Qc7 8. 0-0 Bb7 9. f4 d6 10. a3 Nf6 11. Qf3 Be7 12. Qh3 Nc6 13. Be3 h5 14. Kh1 Ng4 15. Bg1 g5 16. Be2 0-0-0 17. Bxg4 hxg4 18. Qxg4 Rh4 19. Qg3 d5 20. exd5 gxf4 21. Qe1 Ne5 22. Nd4 Rdh8 23. Ncxb5 axb5 24. Nxb5 Rxh2+ 25. Bxh2 Ng4 26. Nxc7 Bc5 27. Rf2 Nxf2+ 28. Kg1 Nd3+ 29. Kf1 Nxe1 30. Bxf4 Rh1+ 31. Ke2 Nxg2 32. Rxh1 Nxf4+ 33. Kd2 Kxc7 34. Rh7 Nxd5 35. Rxf7+ Kb6 36. c4 Nc7 37. b4 Bd4 38. a4 Bg2 39. a5+ Kc6 40. Kd3 Be5 41. a6 Nxa6 42. b5+ Kb6 43. bxa6 Kxa6 44. Rf2 Bh3 45. Ke4 Bc3 46. Kd3 Bg7 47. Ke4 Kb6 48. Rf7 Bc3 49. Kd3 Ba1 50. Rf8 Bf5+ 51. Ke3 Be5 52. Rc8 Bh2 53. Rh8 Be5 54. Rc8 Bc7 55. Rh8 Kc6 56. Kd4 e5+ 57. Kc3 Kc5 58. Rh6 Ba5+ 59. Kb3 Bd3 60. Rh4 Be1 61. Rg4 Bd2 62. Rh4 Bf4 63. Kc3 Bxc4 64. Rh8 Be6 65. Kd3 Bf5+ 66. Ke2 Kd4 67. Kf3 Be4+ 68. Kg4 Bc2 69. Rc8 Ba4 70. Rf8 Ke4 71. Rd8 Bb3 72. Rd6 Bc4 73. Rc6 Be2+ 74. Kh3 Kf3 75. Rc3+ Kf2 76. Ra3 e4 77. Ra4 Kf3 0-1

[Event "Olympiad Women-39"]
[Site "Khanty-Mansiysk"]
[Date "2010.09.21"]
[Round "1.40"]
[White "Richards, Deborah"]
[Black "Ortiz, Nadya Karolina"]
[Result "1-0"]
[WhiteElo "2003"]
[BlackElo "2212"]
[PlyCount "55"]
[EventDate "2010.09.21"]
[EventType "team-swiss"]
[EventRounds "11"]
[EventCountry "RUS"]
[SourceTitle "CBM 139"]
[Source "ChessBase"]
[SourceDate "2010.11.18"]
[SourceVersion "1"]
[SourceVersionDate "2010.11.18"]
[SourceQuality "1"]
[WhiteTeam "Jamaica (W)"]
[BlackTeam "Columbia (W)"]
[WhiteTeamCountry "JAM"]
[BlackTeamCountry "COL"]

1. c4 Nf6 2. Nc3 g6 3. e4 d6 4. d4 Bg7 5. Nf3 0-0 6. Be2 e5 7. 0-0 Nc6 8. d5 Ne7 9. Ne1 Nd7 10. Be3 f5 11. f3 f4 12. Bf2 g5 13. a4 a5 14. Nd3 h5 15. c5 Ng6 16. cxd6 cxd6 17. Rc1 Nf6 18. Nb5 Rf7 19. b4 axb4 20. Nb2 g4 21. Nc4 Bf8 22. Qc2 Ne8 23. Nb6 g3 24. Nxa8 Bd7 25. Bb6 Qxa8 26. a5 Be7 27. Nc7 Nxc7 28. Qxc7 1-0

[Event "Pan American Intercollegiate-chT"]
[Site "South Padre Island"]
[Date "2009.12.27"]
[Round "1"]
[White "Ortiz, Nadya Karolina"]
[Black "Stopa, Jacek"]
[Result "0-1"]
[WhiteElo "2211"]
[BlackElo "2493"]
[PlyCount "110"]
[EventDate "2009.12.27"]
[EventType "team-swiss"]
[EventRounds "6"]
[EventCountry "USA"]
[SourceTitle "CBM 134 Extra"]
[Source "ChessBase"]
[SourceDate "2010.03.03"]
[SourceVersion "1"]
[SourceVersionDate "2010.03.03"]
[SourceQuality "1"]

1. e4 d5 2. exd5 Qxd5 3. Nc3 Qd6 4. d4 Nf6 5. Bc4 c6 6. Nge2 Bf5 7. Bf4 Qb4 8. Bb3 e6 9. Ng3 Bg6 10. Qe2 Qxd4 11. Be5 Qd8 12. f4 Be7 13. f5 exf5 14. Bxf6 gxf6 15. 0-0 Nd7 16. Nxf5 Ne5 17. Rad1 Qb6+ 18. Kh1 Bxf5 19. Rxf5 Rd8 20. Rdf1 Kd7 21. Ne4 Kc8 22. Nxf6 Bxf6 23. Rxf6 Rhe8 24. Bxf7 Nxf7 25. Qg4+ Kb8 26. Rxf7 Qxb2 27. Rxh7 Ka8 28. Qg7 Qb6 29. h4 Rb8 30. Kh2 Qe3 31. Qg3 Qe4 32. Rff7 Qxc2 33. Qb3 Qe4 34. Qg3 a6 35. h5 Re5 36. Qf3 Qh4+ 37. Qh3 Qd4 38. Rhg7 Re4 39. Qf3 Qe5+ 40. g3 Rh4+ 41. Kg2 Rxh5 42. Re7 Qa5 43. a3 Rc5 44. Qb3 Qd2+ 45. Kh3 Rh5+ 46. Kg4 Rb5 47. Qe3 Qd1+ 48. Qf3 Qd6 49. Qe3 Ra5 50. Rd7 Qf6 51. Qf4 Qe6+ 52. Kh4 Re5 53. g4 Re4 54. Qg5 Re1 55. Qf5 Qh6+ 0-1

[Event "American Continental (Women) 05th"]
[Site "Cali"]
[Date "2009.09.07"]
[Round "9"]
[White "Ortiz, Nadya Karolina"]
[Black "Arribas Robaina, Maritza"]
[Result "1-0"]
[WhiteElo "2218"]
[BlackElo "2328"]
[PlyCount "64"]
[EventDate "2009.09.01"]
[EventType "swiss"]
[EventRounds "9"]
[EventCountry "COL"]
[SourceTitle "CBM 132 Extra"]
[Source "ChessBase"]
[SourceDate "2009.11.03"]
[SourceVersion "1"]
[SourceVersionDate "2009.11.03"]
[SourceQuality "1"]

1. e4 e6 2. d4 d5 3. Nd2 Nf6 4. e5 Nfd7 5. Bd3 c5 6. c3 Nc6 7. Ne2 cxd4 8. cxd4 f6 9. exf6 Nxf6 10. Nf3 Bd6 11. Bf4 Bb4+ 12. Nc3 0-0 13. 0-0 Bd7 14. a3 Bxc3 15. bxc3 Be8 16. Ng5 Qd7 17. Re1 Bf7 18. Ra2 h6 19. Nxf7 Qxf7 20. Bc1 Rfe8 21. Rae2 Nd7 22. f4 Rac8 23. Bc2 Na5 24. Qd3 Nf8 25. Qh3 Nc4 26. g4 Nd6 27. Rg2 Nb5 28. Bb2 Qxf4 29. a4 Nd6 30. Rf1 Qg5 31. Bc1 Qe7 32. g5 a5 1-0

[Event "American Continental (Women) 05th"]
[Site "Cali"]
[Date "2009.09.05"]
[Round "6"]
[White "Mendoza Velazquez, Lorena Alejandra"]
[Black "Ortiz, Nadya Karolina"]
[Result "0-1"]
[WhiteElo "1973"]
[BlackElo "2218"]
[PlyCount "68"]
[EventDate "2009.09.01"]
[EventType "swiss"]
[EventRounds "9"]
[EventCountry "COL"]
[SourceTitle "CBM 132 Extra"]
[Source "ChessBase"]
[SourceDate "2009.11.03"]
[SourceVersion "1"]
[SourceVersionDate "2009.11.03"]
[SourceQuality "1"]

1. c4 g6 2. g3 Bg7 3. Bg2 d6 4. Nf3 e5 5. Nc3 Nc6 6. 0-0 f5 7. d3 Nf6 8. Bg5 h6 9. Bxf6 Qxf6 10. Nd5 Qf7 11. Rb1 0-0 12. b4 g5 13. Nd2 Kh8 14. f4 exf4 15. gxf4 g4 16. e3 Nd8 17. b5 c6 18. Nb4 Qe8 19. e4 a5 20. Nc2 Bd7 21. a4 Ne6 22. exf5 Rxf5 23. Qxg4 Qf8 24. bxc6 bxc6 25. Be4 Rxf4 26. Rxf4 Qxf4 27. Qxf4 Nxf4 28. Rb7 Rd8 29. Nb3 d5 30. Bf3 Nxd3 31. Nxa5 Bc3 32. Nb3 Rg8+ 33. Bg2 Bh3 34. Ne3 d4 0-1

[Event "American Continental (Women) 05th"]
[Site "Cali"]
[Date "2009.09.01"]
[Round "1"]
[White "Ortiz, Nadya Karolina"]
[Black "Panesso Rivera, Jenny"]
[Result "1-0"]
[WhiteElo "2218"]
[BlackElo "1971"]
[PlyCount "41"]
[EventDate "2009.09.01"]
[EventType "swiss"]
[EventRounds "9"]
[EventCountry "COL"]
[SourceTitle "CBM 132 Extra"]
[Source "ChessBase"]
[SourceDate "2009.11.03"]
[SourceVersion "1"]
[SourceVersionDate "2009.11.03"]
[SourceQuality "1"]

1. e4 e6 2. d4 d5 3. Nd2 dxe4 4. Nxe4 Bd7 5. Nf3 Bc6 6. Bd3 Nf6 7. Ng3 Nbd7 8. 0-0 Be7 9. Re1 0-0 10. c3 Bxf3 11. Qxf3 c6 12. Bg5 Qa5 13. Ne4 h6 14. Bd2 Nxe4 15. Rxe4 Bg5 16. Be1 Qf5 17. Qe2 Rad8 18. h4 Be7 19. Bd2 Kh8 20. Re5 Qf6 21. Bg5 1-0

[Event "Balaguer op 14th"]
[Site "Balaguer"]
[Date "2009.07.19"]
[Round "7"]
[White "Ortiz, Nadya Karolina"]
[Black "Parramon Guillaumet, Jaime"]
[Result "1-0"]
[WhiteElo "2242"]
[BlackElo "2006"]
[PlyCount "55"]
[EventDate "2009.07.13"]
[EventType "swiss"]
[EventRounds "10"]
[EventCountry "ESP"]
[SourceTitle "CBM 131 Extra"]
[Source "ChessBase"]
[SourceDate "2009.09.03"]
[SourceVersion "2"]
[SourceVersionDate "2009.09.16"]
[SourceQuality "1"]

1. e4 e6 2. d4 d5 3. Nd2 c5 4. exd5 Qxd5 5. Ngf3 cxd4 6. Bc4 Qd6 7. 0-0 Nf6 8. Nb3 Nc6 9. Nbxd4 Nxd4 10. Nxd4 a6 11. Re1 Bd7 12. Bg5 0-0-0 13. b4 Qb6 14. c3 Bd6 15. Qe2 Rhe8 16. a4 h6 17. Be3 Qc7 18. Bxa6 bxa6 19. Qxa6+ Kb8 20. b5 Bc5 21. Nc6+ Bxc6 22. bxc6 Qa7 23. Qb5+ Kc8 24. Bxc5 Qa8 25. a5 Rd5 26. a6 Re7 27. c4 Rf5 28. Qb7+ 1-0

[Event "Balaguer op 14th"]
[Site "Balaguer"]
[Date "2009.07.18"]
[Round "6"]
[White "Devangi, Patankar"]
[Black "Ortiz, Nadya Karolina"]
[Result "1-0"]
[WhiteElo "2079"]
[BlackElo "2242"]
[PlyCount "81"]
[EventDate "2009.07.13"]
[EventType "swiss"]
[EventRounds "10"]
[EventCountry "ESP"]
[SourceTitle "CBM 131 Extra"]
[Source "ChessBase"]
[SourceDate "2009.09.03"]
[SourceVersion "2"]
[SourceVersionDate "2009.09.16"]
[SourceQuality "1"]

1. e4 c5 2. Nf3 e6 3. d4 cxd4 4. Nxd4 a6 5. Bd3 Nc6 6. Be3 Nf6 7. c4 Bb4+ 8. Nc3 d6 9. 0-0 0-0 10. Rc1 Ne5 11. a3 Bc5 12. b4 Ba7 13. Be2 Bd7 14. Kh1 Qe7 15. f4 Ng6 16. Nc2 Bxe3 17. Nxe3 Bc6 18. Bd3 Rfd8 19. Qf3 b6 20. b5 Bb7 21. Ng4 Nd7 22. Qg3 Qh4 23. Qf3 f5 24. Ne3 Nc5 25. Bb1 axb5 26. cxb5 Rxa3 27. Nc4 fxe4 28. Qe3 Rxc3 29. Qxc3 Nxf4 30. Nxd6 Rxd6 31. Qe5 Rd2 32. Rxf4 Qd8 33. Rcf1 Rd5 34. Qc7 Rd7 35. Qxb6 Qc8 36. Rf8+ Qxf8 37. Rxf8+ Kxf8 38. Qxc5+ Kf7 39. Kg1 e3 40. Kf1 Rd2 41. Qc7+ 1-0

[Event "Balaguer op 14th"]
[Site "Balaguer"]
[Date "2009.07.15"]
[Round "3"]
[White "Ortiz, Nadya Karolina"]
[Black "Lazaro Porta, Angel"]
[Result "1-0"]
[WhiteElo "2242"]
[BlackElo "1995"]
[PlyCount "91"]
[EventDate "2009.07.13"]
[EventType "swiss"]
[EventRounds "10"]
[EventCountry "ESP"]
[SourceTitle "CBM 131 Extra"]
[Source "ChessBase"]
[SourceDate "2009.09.03"]
[SourceVersion "2"]
[SourceVersionDate "2009.09.16"]
[SourceQuality "1"]

1. e4 c5 2. Nf3 Nc6 3. d4 cxd4 4. Nxd4 Nf6 5. Nc3 e5 6. Ndb5 d6 7. Bg5 a6 8. Na3 b5 9. Nd5 Be7 10. Bxf6 Bxf6 11. c4 b4 12. Nc2 a5 13. Qf3 Bg5 14. h4 Bh6 15. g4 Bf4 16. Nxf4 Qf6 17. 0-0-0 0-0 18. g5 Qxf4+ 19. Qxf4 exf4 20. Rxd6 Ne5 21. h5 Bb7 22. Rh4 Nf3 23. Rxf4 Nxg5 24. f3 Rad8 25. Rxd8 Rxd8 26. Rf5 h6 27. Be2 Ra8 28. Rb5 Bc6 29. Rc5 Bd7 30. Rc7 Be6 31. Nd4 a4 32. f4 Nh3 33. f5 Bc8 34. c5 Ba6 35. Bxa6 Rxa6 36. Rc8+ Kh7 37. c6 Ra5 38. Rb8 Rc5+ 39. Kd2 Nf2 40. Rxb4 a3 41. bxa3 Nxe4+ 42. Kd3 Nd6 43. a4 g5 44. fxg6+ fxg6 45. Rb7+ Kg8 46. hxg6 1-0

[Event "Capablanca Memorial op 44th"]
[Site "Havana"]
[Date "2009.06.16"]
[Round "8"]
[White "Hernandez Moya, Yuleisis"]
[Black "Ortiz, Nadya Karolina"]
[Result "1/2-1/2"]
[WhiteElo "2104"]
[BlackElo "2248"]
[PlyCount "38"]
[EventDate "2009.06.08"]
[EventType "swiss"]
[EventRounds "10"]
[EventCountry "CUB"]
[SourceTitle "CBM 130 Extra"]
[Source "ChessBase"]
[SourceDate "2009.07.02"]
[SourceVersion "2"]
[SourceVersionDate "2009.07.15"]
[SourceQuality "1"]

1. d4 Nf6 2. Nf3 g6 3. Bg5 Bg7 4. Nbd2 d5 5. e3 c5 6. c3 Nbd7 7. Bd3 0-0 8. 0-0 Qb6 9. Qb3 Qa5 10. Qd1 e5 11. Nxe5 Nxe5 12. dxe5 Ng4 13. Be7 Bxe5 14. Bxf8 Bxh2+ 15. Kh1 Qd8 16. Be2 Qh4 17. Nf3 Qh5 18. Be7 Bg3+ 19. Kg1 Bxf2+ 1/2-1/2

[Event "Capablanca Memorial op 44th"]
[Site "Havana"]
[Date "2009.06.10"]
[Round "3"]
[White "Ortiz, Nadya Karolina"]
[Black "Carvajal, Nolberto"]
[Result "1/2-1/2"]
[WhiteElo "2248"]
[BlackElo "2330"]
[PlyCount "111"]
[EventDate "2009.06.08"]
[EventType "swiss"]
[EventRounds "10"]
[EventCountry "CUB"]
[SourceTitle "CBM 130 Extra"]
[Source "ChessBase"]
[SourceDate "2009.07.02"]
[SourceVersion "2"]
[SourceVersionDate "2009.07.15"]
[SourceQuality "1"]

1. e4 c5 2. Nf3 d6 3. d4 Nf6 4. Nc3 cxd4 5. Nxd4 g6 6. Be3 Bg7 7. f3 0-0 8. Qd2 Nc6 9. Bc4 Bd7 10. 0-0-0 Ne5 11. Bb3 Rc8 12. Kb1 Re8 13. h4 h5 14. g4 Qa5 15. Bh6 Rxc3 16. Bxg7 Kxg7 17. bxc3 Rc8 18. gxh5 Nxh5 19. Nf5+ Bxf5 20. exf5 Qxc3 21. fxg6 Qxd2 22. Rxd2 fxg6 23. Rf1 Rf8 24. Kc1 Nxf3 25. Re2 e5 26. Bd5 Ng3 27. Bxf3 Nxf1 28. Bxb7 Rf4 29. Bg2 Ng3 30. Re3 Nf5 31. Ra3 e4 32. Rxa7+ Kf6 33. a4 Ne3 34. Bh3 Rxh4 35. Bc8 Rh2 36. Rc7 Nd5 37. Rc4 Ke5 38. a5 e3 39. Bg4 Rh1+ 40. Kb2 Rh7 41. Bf3 Ra7 42. Ra4 Nf4 43. Re4+ Kf5 44. Rxe3 Rxa5 45. c4 Re5 46. Ra3 Re1 47. Ra5+ Kf6 48. Kc2 Re3 49. Bg4 Re4 50. Kb3 Nd3 51. Bc8 Nc5+ 52. Kb4 Re8 53. Bg4 Kg5 54. Bd1 Re1 55. Bc2 Re2 56. Kc3 1/2-1/2